| 000 | 00490nam a2200205Ia 4500 | ||
|---|---|---|---|
| 008 | 210210b2013 xxu||||| |||| 00| 0 eng d | ||
| 020 | _a9781842657621 | ||
| 041 | _aeng | ||
| 082 | _a333.79 BAIB | ||
| 100 | _aBAILIANG (Zhang) | ||
| 245 | _aBioenergy technology and engineering | ||
| 260 |
_aBejing _bScience Press _c2013 |
||
| 300 | _axxiii,808 | ||
| 650 | _atechnology | ||
| 650 | _aengineering | ||
| 650 | _aBioenergy | ||
| 650 | _aand | ||
| 690 | _aEnergy | ||
| 906 | _a068403 | ||
| 999 |
_c152546 _d152546 |
||